Akame Ga Kill Personnages par Images - Statistiques

Statistiques générales
  • Ce quiz a été pris 8 fois
  • Le résultat moyen est 13 sur 68
Statistiques - réponses
Par images Réponse % Correct
Akame
100%
Bulat
80%
Chelsea
80%
Esdeath
80%
Leone
80%
Lubbock
80%
Mine
80%
Tatsumi
80%
Najenda
60%
Sheele
60%
Kurome
40%
Susanoo
40%
Aria
20%
Bols
20%
Daidara
20%
Doya
20%
Dr. Stylish
20%
Empereur
20%
Hana
20%
Honest
20%
Ieyasu
20%
Kaku
20%
Koro
20%
Me
20%
Natala
20%
Ogre
20%
Premier Empereur
20%
Run
20%
Sayo
20%
Seryu Ubiquitous
20%
Spear
20%
Suzuka
20%
Syura / Shura
20%
The Lord
20%
Wave
20%
Air
0%
Apeman
0%
Bolic
0%
Budo
0%
Chouri
0%
Death Tagool / Desta-Ghoul
0%
Fal
0%
Gamal
0%
Gaurry
0%
Gebaze
0%
Gin
0%
Henter
0%
Holimaca
0%
Ibara
0%
Iokal
0%
Kaiser Frog
0%
Kalbi
0%
Kije
0%
Liver
0%
Logue
0%
Luna
0%
Mez
0%
Mimi
0%
Numa Seika
0%
Nyau
0%
Rokugou
0%
Shihandai
0%
Shoi
0%
Sten
0%
Toby
0%
Trooma
0%
Wall
0%
Zanku / Zank
0%
Aucun quiz correspondant
Distribution des résultats
% des personnes avec chaque résultat
Percentile par nombre de réponses
Votre historique - résultats
Vous n’avez pas pris ce quiz